World Map 6 x 16 Puzzle by Countries, piece by piece - Statistics

General Stats
  • This quiz has been taken 1,508 times
  • The average score is 75 of 96
Answer Stats
Piece Type-in % Correct
2 - United States, Canada
97%
1 - United States
96%
1 - Canada
96%
1 - Canada
96%
2 - Canada, Denmark
96%
2 - United States, Canada
96%
2 - United States, Canada
96%
2 - United States, Canada
95%
2 - Canada, United States
95%
2 - Iceland, Denmark
93%
3 - United Kingdom, Norway, Denmark
93%
1 - Denmark
92%
2 - United States, Mexico
92%
10 - Belize, Cuba, Guatemala, Honduras, Mexico, Nicaragua, El Salvador, United States, Bahamas, Costa Rica
92%
18 - Andorra, Belgium, Switzerland, Algeria, Spain, France, United Kingdom, Ireland, Liechtenstein, Luxembourg, Morocco, Monaco, Netherlands, Portugal, Tunisia, Italy, Germany, Denmark
91%
16 - Antigua and Barbuda, Barbados, Bahamas, Dominica, Dominican Republic, Grenada, Haiti, Jamaica, Saint Kitts and Nevis, Saint Lucia, Saint Vincent and the Grenadines, Cuba, Colombia, Venezuela, United States, France
91%
1 - United States
90%
1 - Canada
90%
14 - Burkina Faso, Mali, Niger, Morocco, Algeria, Tunisia, Libya, Mauritania, Benin, Togo, Ghana, Nigeria, Senegal, Guinea
88%
9 - Colombia, Ecuador, Guyana, Trinidad and Tobago, Venezuela, Panama, Peru, Brazil, Suriname
88%
3 - Suriname, France, Brazil
88%
9 - Denmark, Estonia, Finland, Latvia, Norway, Sweden, Russia, Lithuania, Belarus
86%
1 - Russia
86%
1 - Russia
86%
1 - Russia
86%
1 - Russia
86%
1 - Russia
86%
1 - Russia
86%
11 - Afghanistan, Kyrgyzstan, Kazakhstan, Pakistan, Tajikistan, Turkmenistan, Uzbekistan, Iran, India, China, Russia
86%
6 - China, Kazakhstan, Mongolia, Kyrgyzstan, India, Russia
86%
3 - China, Mongolia, Russia
86%
5 - Japan, North Korea, South Korea, Russia, China
86%
7 - Bolivia, Chile, Peru, Paraguay, Argentina, Brazil, Uruguay
86%
4 - Brazil, Paraguay, Argentina, Uruguay
86%
1 - Russia
85%
29 - Albania, Austria, Bosnia and Herzegovina, Bulgaria, Belarus, Czech Republic, Germany, Greece, Croatia, Hungary, Italy, Lithuania, Moldova, Montenegro, Macedonia, Malta, Poland, Romania, Serbia, Slovenia, Slovakia, San Marino, Turkey, Ukraine, Vatican City, Kosovo, Denmark, Russia, Cyprus
85%
13 - Armenia, Azerbaijan, Cyprus, Georgia, Iraq, Iran, Lebanon, Syria, Russia, Ukraine, Turkey, Kazakhstan, Turkmenistan
85%
8 - Cape Verde, Gambia, Guinea-Bissau, Mauritania, Senegal, Morocco, Guinea, Mali
85%
8 - Bangladesh, Bhutan, Burma, Nepal, Thailand, India, China, Laos
84%
4 - Argentina, Chile, Uruguay, United Kingdom
84%
1 - Russia
83%
6 - India, Oman, Iran, United Arab Emirates, Afghanistan, Pakistan
83%
7 - Cambodia, Laos, Philippines, Taiwan, Vietnam, China, Thailand
83%
4 - Costa Rica, Panama, Ecuador, Peru
83%
1 - United States
82%
7 - Egypt, Libya, Sudan, Chad, Tunisia, Cameroon, Niger
82%
17 - United Arab Emirates, Bahrain, Djibouti, Eritrea, Jordan, Kuwait, Qatar, Saudi Arabia, Yemen, Israel, Egypt, Sudan, Ethiopia, Oman, Iran, Iraq, Syria
82%
13 - Benin, Côte d'Ivoire, Gabon, Ghana, Equatorial Guinea, Liberia, Nigeria, São Tomé and Príncipe, Togo, Guinea, Sierra Leone, Burkina Faso, Cameroon
81%
3 - Japan, Philippines, Federated States of Micronesia
79%
1 - Uruguay
79%
ATLANTIC
78%
ATLANTIC
77%
16 - Angola, Burundi, Democratic Republic of the Congo, Central African Republic, Republic of the Congo, Cameroon, Rwanda, South Sudan, Uganda, Nigeria, Chad, Sudan, Tanzania, Zambia, Gabon, Equatorial Guinea
77%
PACIFIC
76%
9 - Ethiopia, Kenya, Seychelles, Somalia, Tanzania, Uganda, South Sudan, Sudan, Comoros
76%
3 - Maldives, Seychelles, India
76%
5 - Sri Lanka, India, Indonesia, Thailand, Malaysia
76%
6 - Brunei, Indonesia, Malaysia, Singapore, Vietnam, Philippines
75%
7 - Palau, East Timor, Indonesia, Federated States of Micronesia, Papua New Guinea, Philippines, Australia
75%
11 - Botswana, Lesotho, Mozambique, Namibia, Swaziland, South Africa, Zambia, Zimbabwe, Angola, Malawi, Democratic Republic of the Congo
73%
5 - Federated States of Micronesia, Papua New Guinea, Solomon Islands, Nauru, Marshall Islands
72%
1 - Australia
71%
PACIFIC
70%
2 - Guinea, Sierra Leone
70%
4 - Comoros, Madagascar, Malawi, Mozambique
70%
1 - Australia
70%
4 - Australia, Solomon Islands, Vanuatu, France
70%
PACIFIC
69%
PACIFIC
69%
PACIFIC
69%
ATLANTIC
69%
PACIFIC
68%
PACIFIC
68%
ATLANTIC
67%
PACIFIC
67%
PACIFIC
67%
PACIFIC
67%
ATLANTIC
67%
PACIFIC
66%
ATLANTIC
66%
1 - Australia
65%
2 - Australia, New Zealand
65%
1 - South Africa
64%
1 - Australia
63%
1 - Kiribati
61%
4 - Kiribati, Marshall Islands, Tuvalu, Nauru
61%
1 - New Zealand
61%
2 - Federated States of Micronesia, Marshall Islands
59%
1 - Kiribati
58%
4 - Fiji, Vanuatu, Samoa, Tonga
58%
1 - Mauritius
56%
INDIAN
54%
INDIAN
52%
INDIAN
52%
INDIAN
51%
1 - Marshall Islands
48%
No matching quizzes found
Score Distribution
Percent of People with Each Score
Percentile by Number Answered
Your Score History
You have not taken this quiz